Một số kết quả nghiên cứu trong nông nghiệp

Đã lưu trong:
書目詳細資料
格式: 圖書
語言:Undetermined
出版: Hà Nội KHKT 1970
主題:
標簽: 添加標簽
沒有標簽, 成為第一個標記此記錄!
Thư viện lưu trữ: Trung tâm Học liệu Trường Đại học Cần Thơ
LEADER 00406nam a2200145Ia 4500
001 CTU_12903
008 210402s9999 xx 000 0 und d
082 |a 633.18 
082 |b M458 
245 0 |a Một số kết quả nghiên cứu trong nông nghiệp 
260 |a Hà Nội 
260 |b KHKT 
260 |c 1970 
650 |a rice 
980 |a Trung tâm Học liệu Trường Đại học Cần Thơ